LIBRARY & INFORMATION CENTRE, KCAET, TAVANUR

ONLINE PUBLIC ACCESS CATALOGUE (OPAC)

Pre-degree practical chemistry / (Record no. 10723)

MARC details
000 -LEADER
fixed length control field 00454cam a2200181ua 4500
041 ## - LANGUAGE CODE
Language code of text/sound track or separate title eng
082 ## - DEWEY DECIMAL CLASSIFICATION NUMBER
Classification number 542
Item number JOY/PR
100 ## - MAIN ENTRY--AUTHOR NAME
Personal name Joy, W D .
245 ## - TITLE STATEMENT
Title Pre-degree practical chemistry /
260 ## - PUBLICATION, DISTRIBUTION, ETC. (IMPRINT)
Place of publication Palakkad :
Name of publisher Vijaya press private limited ,
Year of publication 1967.
300 ## - PHYSICAL DESCRIPTION
Number of Pages 183 ; .
700 1# - ADDED ENTRY--PERSONAL NAME
Personal name Aravindakshan , C P .
942 ## - ADDED ENTRY ELEMENTS (KOHA)
Koha item type Books
Holdings
Withdrawn status Lost status Damaged status Home library Current library Date acquired Full call number Accession Number Koha item type
      KAUAET KAUAET 07/04/2012 542 JOY/PR 10732 Books
free website counter